| Tag |
First Indicator |
Second Indicator |
Subfields |
| LEADER |
00000cam a2200000 a 4500 |
| 001 |
in00000035062 |
| 005 |
20151007055253.0 |
| 008 |
870528s1988 mau b s00010 eng |
| 010 |
|
|
|a 87013929
|
| 020 |
|
|
|a 0870236040 (alk. paper)
|
| 020 |
|
|
|a 0870236059 (pbk. : alk. paper)
|
| 035 |
|
|
|a (OCoLC)16005680
|
| 035 |
|
|
|9 AAB7743AM
|
| 040 |
|
|
|a DLC
|c DLC
|d TXA
|d UtOrBLW
|
| 043 |
|
|
|a n-us---
|
| 049 |
|
|
|a TXAM
|c [A11505989]
|
| 050 |
0 |
0 |
|a E185
|b .Q19 1988
|
| 082 |
0 |
|
|a 973/.0496073
|2 19
|
| 100 |
1 |
|
|a Quarles, Benjamin.
|
| 245 |
1 |
0 |
|a Black mosaic :
|b essays in Afro-American history and historiography /
|c Benjamin Quarles ; introduction by August Meier.
|
| 264 |
|
1 |
|a Amherst :
|b University of Massachusetts Press,
|c 1988.
|
| 300 |
|
|
|a 213 pages, 2 unnumbered pages ;
|c 24 cm.
|
| 336 |
|
|
|a text
|b txt
|2 rdacontent
|
| 337 |
|
|
|a unmediated
|b n
|2 rdamedia
|
| 338 |
|
|
|a volume
|b nc
|2 rdacarrier
|
| 500 |
|
|
|a "Chapters in this book were previously published in the following journals and collections ... ": page [215].
|
| 504 |
|
|
|a Includes bibliographical references.
|
| 650 |
|
0 |
|a African Americans
|x History.
|
| 650 |
|
0 |
|a African Americans
|x Historiography.
|
| 651 |
|
0 |
|a United States
|x Race relations.
|
| 999 |
|
|
|a MARS
|
| 999 |
f |
f |
|s 811ffb62-4d80-3d3d-a623-c33eef9bd2cd
|i f82b1aa2-4b9a-37c1-973e-f03169caa38e
|t 0
|
| 952 |
f |
f |
|p normal
|a Texas A&M University
|b College Station
|c Sterling C. Evans Library
|d Evans: Library Stacks
|t 0
|e E185 .Q19 1988
|h Library of Congress classification
|i unmediated -- volume
|m A14811505989
|
| 998 |
f |
f |
|a E185 .Q19 1988
|t 0
|l Evans: Library Stacks
|